<?xml version="1.0" encoding="UTF-8"?>
<marc:record xmlns:marc="http://www.loc.gov/MARC21/slim">
   <marc:leader>00000nam a2200000 a 4500</marc:leader>
   <marc:datafield ind1="0" ind2="0" tag="245">
      <marc:subfield code="a">PAW Patrol : Rettungen im Winter</marc:subfield>
   </marc:datafield>
   <marc:datafield ind1=" " ind2="1" tag="264">
      <marc:subfield code="a">[Hamburg]</marc:subfield>
      <marc:subfield code="b">Universal Pictures Germany GmbH</marc:subfield>
   </marc:datafield>
   <marc:datafield ind1="1" ind2=" " tag="490">
      <marc:subfield code="a">PAW Patrol</marc:subfield>
   </marc:datafield>
   <marc:datafield ind1="1" ind2=" " tag="520">
      <marc:subfield code="a">Durch Schnee und Eis nimmt die Paw Patrol jetzt Fahrt auf - in sieben winterlichen Missionen, inklusive einer Weihnachtsepisode in Doppellänge! Ob beim Abenteuer am Skilift oder bei der Verfolgung eines Schneemonsters, keine Aufgabe ist zu groß und kein Hundchen zu klein: Denn sogar der süße Rubble springt erstmals bei einem Schneeproblem ein ...&#xD;
&#xD;
Episoden:&#xD;
01 Die PAW Patrol rettet Weihnachten; &#xD;
02 Hunde im Schnee; &#xD;
03 Das Schneemonster; &#xD;
04 Leckerlis auf Eis; &#xD;
05 Rettung aus höchster Not; &#xD;
06 Rubble, der Fundhund; &#xD;
07 Die Walross-Rettung;</marc:subfield>
   </marc:datafield>
   <marc:datafield ind1="3" ind2=" " tag="024">
      <marc:subfield code="a">4010884506396</marc:subfield>
   </marc:datafield>
   <marc:datafield ind1=" " ind2=" " tag="041">
      <marc:subfield code="a">ger</marc:subfield>
   </marc:datafield>
   <marc:datafield ind1="1" ind2=" " tag="521">
      <marc:subfield code="a">FSK ab 0 freigegeben</marc:subfield>
   </marc:datafield>
   <marc:datafield ind1="1" ind2=" " tag="521">
      <marc:subfield code="a">0</marc:subfield>
   </marc:datafield>
   <marc:datafield ind1=" " ind2=" " tag="338">
      <marc:subfield code="a">Videodisk</marc:subfield>
   </marc:datafield>
   <marc:datafield ind1=" " ind2=" " tag="300">
      <marc:subfield code="a">1 DVD-Video</marc:subfield>
   </marc:datafield>
</marc:record>
